Formación de las haciendas azucareras y orígenes del Apra
Guardat en:
| Autor principal: | |
|---|---|
| Format: | Llibre |
| Idioma: | espanyol |
| Publicat: |
Lima
Instituto de Estudios Peruanos
1976
|
| Edició: | 2a. ed |
| Col·lecció: | Perú Problema, 5
|
| Matèries: | |
| Etiquetes: |
Afegir etiqueta
Sense etiquetes, Sigues el primer a etiquetar aquest registre!
|
MARC
| LEADER | 00000nam a2200000 a 4500 | ||
|---|---|---|---|
| 001 | UCP6589 | ||
| 003 | CL-VaPUC | ||
| 008 | 991029e19760000PE |||||||||||||||||spa|d | ||
| 082 | 0 | 4 | |a 324.285 |b KLA |2 21 |
| 100 | |a Klarén, Peter F |e author |9 488347 | ||
| 245 | 1 | 0 | |a Formación de las haciendas azucareras y orígenes del Apra |
| 250 | |a 2a. ed | ||
| 300 | |a 298 p | ||
| 942 | |c BK | ||
| 945 | |d 19991029 00:00:00 |a crobeson | ||
| 260 | |a Lima |b Instituto de Estudios Peruanos |c 1976 | ||
| 650 | 0 | |a Partidos políticos |9 254999 | |
| 650 | 0 | |a APRA |9 435595 | |
| 650 | 7 | |a POLITICA AGRARIA |2 CL-VaPUC |9 264314 | |
| 650 | 7 | |a MONOPOLIO |2 CL-VaPUC |9 368825 | |
| 650 | 0 | |a Capitalismo |9 255255 | |
| 650 | 0 | |a Movilidad social |9 315088 | |
| 650 | 7 | |a CAMPESINOS |2 CL-VaPUC |9 315355 | |
| 651 | 0 | |a Perú |9 256567 | |
| 583 | |a last modification |c 19991029 00:00:00 |k Rodrigo Vera | ||
| 490 | 0 | |a Perú Problema, 5 | |
| 999 | |c 284096 |d 284094 | ||
| 952 | |0 0 |1 0 |4 0 |6 324_285000000000000_KLA_1976 |7 0 |8 A |9 327844 |a BIBHIS |b BIBHIS |d 2019-11-20 |i 1370782 |o 324.285 KLA 1976 |p 1370782 |r 2025-01-20 |w 2019-11-20 |y BK |k HIS | ||